Statistics for Daily Country Riddle #30

Click here to take the quiz!

General Stats

  • This quiz has been taken 173 times
  • The average score is 8 of 9

Answer Stats

TypeAnswer% Correct
Found LetterA
100%
Correctly Placed LetterA
95%
Correctly Placed LetterC
88%
Found LetterC
88%
Mystery CountryChad
81%
Correctly Placed LetterD
81%
Found LetterD
81%
Correctly Placed LetterH
81%
Found LetterH
81%

Score Distribution

Percentile by Number Answered

Percent of People with Each Score

Your Score History

You have not taken this quiz